The Turkey Quiz Stats

 Plays Quiz Updated Aug 3, 2017

Support Sporcle.
Go Orange.
Score 0/50 Timer 07:00
6 Plays Today
Hint Answer % Correct
Flag ColorRed
97.5%
Flag ColorWhite
96.2%
Nationality (Demonym)Turkish
95.2%
Primary LanguageTurkish
94.4%
Largest CityIstanbul
92.3%
Capital CityAnkara
90.6%
Lowest Point (0 m)Mediterranean Sea
89%
ContinentEurope
88.8%
ContinentAsia
88.8%
Bordering CountryGreece
88.7%
Bordering CountrySyria
86.7%
Symbol(s) on FlagCrescent Moon & Star
85.8%
Bordering CountryIraq
84.9%
Most Popular SportFootball (Soccer)
84%
Bordering CountryIran
83.9%
Largest ReligionSunni Islam
82.6%
Drives on the...Right
82.2%
Age of Suffrage18
81.8%
Type of GovernmentRepublican Parliamentary Democracy
79.8%
Bordering CountryArmenia
79.8%
Bordering SeaBlack Sea
79.6%
Bordering CountryGeorgia
78.1%
Bordering CountryBulgaria
78%
Bordering SeaMediterranean Sea
77.4%
Internet Country Code.tr
74%
Hint Answer % Correct
Bordering CountryAzerbaijan
72.6%
Former EmpireOttoman Empire
71.7%
Official NameRepublic of Turkey
70.3%
PresidentRecep Tayyip Erdoğan
59.9%
CurrencyTurkish Lira (TRY)
51.2%
First PresidentMustafa Kemal Atatürk
46.8%
Largest StadiumAtatürk Olympic Stadium
45.8%
Bordering SeaAegean Sea
45.8%
Former Church/Mosque/MuseumHagia Sophia
43%
Third Largest Cityİzmir
41%
Fourth Largest CityBursa
26.8%
Number of Provinces81
26.3%
Bordering SeaSea of Marmara
25.6%
Highest Point (5,166 m)Mount Ararat
25.6%
Largest PeninsulaAnatolian Peninsula
24%
Fifth Largest CityAdana
20.9%
Ancient Wonder of the WorldMausoleum of Halicarnassus
20.8%
Ancient Wonder of the WorldTemple of Artemis
20%
Largest LakeLake Van
18.3%
Largest ProvinceKonya
17.3%
Prime MinisterBinali Yıldırım
14%
Republic DayOctober 29, 1923
12.6%
National AnthemIndependence March
12.3%
Longest River Entirely in TurkeyKızılırmak River
6.2%
MottoPeace at Home, Peace in the World
5%

You're not logged in!

Compare scores with friends on all Sporcle quizzes.
OR
Log In
Forgot?

From the Vault

Monopoly Tour in Color

by rockgolf

Monopoly reminds us that capitalism can cause you to get in fights.
Remove Ads.
Support Sporcle.
Get the best of Sporcle when you Go Orange. This ad-free experience offers more features, more stats, and more fun while also helping to support Sporcle. Thank you for becoming a member.

Show Comments

Extras

Top Quizzes Today


Score Distribution

Your Account Isn't Verified!

In order to create a playlist on Sporcle, you need to verify the email address you used during registration. Go to your Sporcle Settings to finish the process.

Report this User

Report this user for behavior that violates our Community Guidelines.

Details: